LEADER 01381cam0-22004811i-450- 001 990006596710403321 005 20141105145753.0 035 $a000659671 035 $aFED01000659671 035 $a(Aleph)000659671FED01 035 $a000659671 100 $a20010426d1978----km-y0itay50------ba 101 0 $aeng 102 $aUS 105 $ay---n---001yy 200 1 $aApplicable law in international commercial arbitration$ea study in commercial arbitration awards$fJulian D.M. Lew$gpreface by Francois Rigaux 210 $aNew York$cOceana Publ.$d1978 215 $aXXVIII, 633 p.$d23 cm 676 $a340.2 676 $a341.4$v11 rid.$zita 700 1$aLew,$bJulian D.M.$0230783 702 1$aRigaux,$bFrançois 801 0$aIT$bUNINA$gRICA$2UNIMARC 901 $aBK 912 $a990006596710403321 952 $aDI L-48$b5031$fDEC 952 $aDI L-48$b5031$fDEC 952 $aDI L-84$b15499$fDEC 952 $aDI L-48$b5031$fDEC 952 $a3-D-38$b2028 nav.$fDDCP 952 $aIII N2 21$b15381$fFSPBC 952 $aIII N2 22$b16033$fFSPBC 952 $a17-C-91$b2312$fDDCP 952 $aX N2 230$b115421$fFGBC 959 $aDEC 959 $aDEC 959 $aDEC 959 $aDEC 959 $aFSPBC 959 $aFGBC 959 $aDDCP 996 $aApplicable law in international commercial arbitration$9622256 997 $aUNINA LEADER 01725nam 2200445 a 450 001 9910701388803321 005 20120321164152.0 035 $a(CKB)5470000002417176 035 $a(OCoLC)781180797 035 $a(EXLCZ)995470000002417176 100 $a20120321d2011 ua 0 101 0 $aeng 135 $aurmn||||||||| 181 $ctxt$2rdacontent 182 $cc$2rdamedia 183 $acr$2rdacarrier 200 00$aResearch investments and market structure in the food processing, agricultural input, and biofuel industries worldwide$b[electronic resource] /$fKeith O. Fuglie ... [and others] 210 1$a[Washington, D.C.] :$cU.S. Dept. of Agriculture, Economic Research Service,$d[2011] 215 $a1 online resource (vii, 137 pages) $ccolor illustrations 225 1 $aEconomic research report ;$vno. 130 300 $aTitle from PDF title screen (viewed Feb. 13, 2011). 300 $a"A report from the Economic Research Service." 300 $a"December 2011." 320 $aIncludes bibliographical references. 606 $aMarketing$zUnited States 606 $aFood industry and trade 606 $aAgriculture and state 606 $aBiomass energy$xResearch 615 0$aMarketing 615 0$aFood industry and trade. 615 0$aAgriculture and state. 615 0$aBiomass energy$xResearch. 701 $aFuglie$b Keith Owen$0880047 712 02$aUnited States.$bDepartment of Agriculture.$bEconomic Research Service. 801 0$bGPO 801 1$bGPO 906 $aBOOK 912 $a9910701388803321 996 $aResearch investments and market structure in the food processing, agricultural input, and biofuel industries worldwide$93457224 997 $aUNINA LEADER 04309nam 2200793 450 001 9910809418703321 005 20210422210928.0 010 $a1-5015-0078-3 010 $a1-61451-123-3 024 7 $a10.1515/9781614511236 035 $a(CKB)3360000000514931 035 $a(EBL)1377146 035 $a(SSID)ssj0001420885 035 $a(PQKBManifestationID)11852552 035 $a(PQKBTitleCode)TC0001420885 035 $a(PQKBWorkID)11408191 035 $a(PQKB)11093133 035 $a(DE-B1597)175865 035 $a(OCoLC)951149681 035 $a(OCoLC)973399877 035 $a(DE-B1597)9781614511236 035 $a(Au-PeEL)EBL1377146 035 $a(CaPaEBR)ebr11006254 035 $a(CaONFJC)MIL805822 035 $a(OCoLC)904079357 035 $a(CaSebORM)9781501500787 035 $a(MiAaPQ)EBC1377146 035 $a(EXLCZ)993360000000514931 100 $a20150127h20142014 uy| 0 101 0 $aeng 135 $aur|nu---|u||u 181 $ctxt 182 $cc 183 $acr 200 10$aBlending spaces $emediating and assessing intercultural competence in the L2 classroom /$fArnd Witte 210 1$aBoston :$cDe Gruyter Mouton,$d[2014] 210 4$d©2014 215 $a1 online resource (456 p.) 225 1 $aTrends in applied linguistics,$x1868-6362 ;$vvolume 8 300 $aDescription based upon print version of record. 311 0 $a1-61451-153-5 320 $aIncludes bibliographical references and index. 327 $tFront matter --$tContents --$t1 Introduction: The interplay of languages, cultures, and minds --$t2 First language acquisition and early cognitive development --$t3 Formation of concepts and plausibility structures --$t4 Language and the intersubjective construction of meaning --$t5 Imposing structure on language-in-use: From language philosophy to discourse analysis --$t6 The dynamics of identity --$t7 The complexities of culture --$t8 The interplay of cultures: Constructs of interculture --$t9 Fostering intercultural competence in the second language classroom --$t10 Mediating and assessing intercultural competence in the L2 classroom --$t11 Conclusion --$tReferences --$tName index --$tSubject index 330 $aThis book comprehensively analyzes the development of interculturally blended third spaces by the second language learner, beginning with the linguistic and sociocultural imprints of the first language and culture on the mind and culminating in the proposal of a phase-model of the development of intercultural competence. The foundational analysis of L1-mediated constructs is followed by an analysis of forms interaction, concepts of identity and constructs of culture/interculture, thus shifting the object of analysis from the subjective to the intersubjective levels of construction and interaction. The focus of the book is on the gradual development of interculturally blended third spaces in the mind of the learner as genuinely new bases for construction. This book takes an interdisciplinary approach, drawing on research in cultural psychology, linguistic anthropology, critical theory, language acquisition and second language learning and shows how culture and interculture need to be emphasized as an integral part of second language learning. 410 0$aTrends in applied linguistics ;$v8. 606 $aSecond language acquisition 606 $aIntercultural communication$xStudy and teaching 606 $aMulticultural education$xStudy and teaching 606 $aCommunicative competence$xTesting 606 $aLanguage and culture$xStudy and teaching 610 $aApplied Linguistics. 610 $aIntercultural Competence. 610 $aLanguage and Culture. 610 $aSecond Language Learning. 610 $aThird Space. 615 0$aSecond language acquisition. 615 0$aIntercultural communication$xStudy and teaching. 615 0$aMulticultural education$xStudy and teaching. 615 0$aCommunicative competence$xTesting. 615 0$aLanguage and culture$xStudy and teaching. 676 $a418.0071 700 $aWitte$b Arnd$01724827 801 0$bMiAaPQ 801 1$bMiAaPQ 801 2$bMiAaPQ 906 $aBOOK 912 $a9910809418703321 996 $aBlending spaces$94127218 997 $aUNINA